[Event "Regionalliga Sued-Ost 1718"]
[Site "Bayern"]
[Date "2018.04.15"]
[Round "9.8"]
[White "Wachtel, Arthur"]
[Black "Andre, Jonas"]
[Result "1-0"]
[WhiteElo "1908"]
[BlackElo "1888"]
[PlyCount "73"]
[EventDate "2017.10.22"]
[EventType "team-tourn"]
[EventRounds "9"]
[EventCountry "GER"]
[SourceTitle "EXT 2022"]
[Source "ChessBase"]
[SourceDate "2021.10.06"]
[SourceVersion "1"]
[SourceVersionDate "2021.10.06"]
[SourceQuality "1"]
[WhiteTeam "Freising SK"]
[BlackTeam "Ilmmuenster"]
[WhiteTeamCountry "GER"]
[BlackTeamCountry "GER"]

1. e4 c5 2. Nf3 Nc6 3. Bb5 Na5 4. 0-0 a6 5. Be2 Nc6 6. c3 e6 7. d4 d5 8. e5 Qb6 9. a3 Bd7 10. b4 cxd4 11. cxd4 Nge7 12. Nc3 Na7 13. Bb2 Bb5 14. Nxb5 Nxb5 15. Qd2 Nc6 16. Qf4 Be7 17. Rfd1 f6 18. exf6 gxf6 19. Ne1 Nd6 20. Nd3 Ne4 21. Nc5 Nxc5 22. dxc5 Bxc5 23. Qxf6 Bxf2+ 24. Qxf2 Qxf2+ 25. Kxf2 Rf8+ 26. Kg1 Kd7 27. Rf1 Ne7 28. Rxf8 Rxf8 29. Rf1 Rc8 30. Bd3 h6 31. Rf6 Ng8 32. Rf7+ Kc6 33. Rg7 Rf8 34. Rg6 Kd6 35. a4 h5 36. b5 axb5 37. Ba3+ 1-0

[Event "Regionalliga Sued-Ost 1718"]
[Site "Bayern"]
[Date "2018.02.04"]
[Round "6.7"]
[White "Neumueller, Theo"]
[Black "Andre, Jonas"]
[Result "1/2-1/2"]
[WhiteElo "1919"]
[BlackElo "1888"]
[PlyCount "67"]
[EventDate "2017.10.22"]
[EventType "team-tourn"]
[EventRounds "9"]
[EventCountry "GER"]
[SourceTitle "EXT 2022"]
[Source "ChessBase"]
[SourceDate "2021.10.06"]
[SourceVersion "1"]
[SourceVersionDate "2021.10.06"]
[SourceQuality "1"]
[WhiteTeam "Germering"]
[BlackTeam "Ilmmuenster"]
[WhiteTeamCountry "GER"]
[BlackTeamCountry "GER"]

1. e4 c5 2. Nf3 Nc6 3. Bb5 Na5 4. c3 a6 5. Ba4 b5 6. Bc2 g6 7. d4 c4 8. 0-0 Bg7 9. Bf4 Nf6 10. h3 d6 11. Re1 0-0 12. Qe2 Rb8 13. Nbd2 Rb6 14. Nf1 Qc7 15. Ne3 Bb7 16. e5 Nh5 17. Bh2 dxe5 18. Nxe5 Qc8 19. Nf5 Re6 20. Nxg7 Nxg7 21. Qg4 Bd5 22. Bf4 Nc6 23. Bh6 Nxe5 24. dxe5 Rb6 25. Qd4 Qb7 26. f3 Rd8 27. Be3 Rc6 28. Qh4 Rc7 29. Rad1 Rcd7 30. Rd2 Be6 31. Red1 Bf5 32. Rxd7 Rxd7 33. Rxd7 Qxd7 34. Qf2 1/2-1/2

[Event "Regionalliga SO 1617"]
[Site "Bayern"]
[Date "2016.10.16"]
[Round "1.8"]
[White "Bergerhoff, Andreas"]
[Black "Andre, Jonas"]
[Result "1-0"]
[WhiteElo "1991"]
[BlackElo "1823"]
[PlyCount "59"]
[EventDate "2016.10.16"]
[EventType "team-tourn"]
[EventRounds "9"]
[EventCountry "GER"]
[SourceTitle "EXT 2019"]
[Source "ChessBase"]
[SourceDate "2018.10.10"]
[SourceVersion "1"]
[SourceVersionDate "2018.10.10"]
[SourceQuality "1"]
[WhiteTeam "Bruckmuehl"]
[BlackTeam "Ilmmuenster"]
[WhiteTeamCountry "GER"]
[BlackTeamCountry "GER"]

1. c4 f5 2. Nc3 Nf6 3. g3 g6 4. Bg2 Bg7 5. d3 d6 6. e4 c6 7. Nge2 0-0 8. 0-0 h6 9. h3 Na6 10. Be3 Qe8 11. f4 e5 12. Qd2 Kh7 13. Rae1 Nc7 14. c5 Ne6 15. cxd6 exf4 16. gxf4 fxe4 17. dxe4 Nh5 18. Bf3 Bxc3 19. bxc3 Neg7 20. Kh2 Be6 21. Nd4 Bc4 22. Rg1 Rd8 23. e5 Qf7 24. Rg4 Be6 25. Nxe6 Nxe6 26. Be4 Rg8 27. Reg1 Nf8 28. f5 g5 29. e6 Qg7 30. f6+ 1-0

[Event "Regionalliga SO 1415"]
[Site "Bayern"]
[Date "2014.10.19"]
[Round "1.8"]
[White "Hartmann, Karl Heinz"]
[Black "Andre, Jonas"]
[Result "1/2-1/2"]
[WhiteElo "1780"]
[BlackElo "1752"]
[PlyCount "47"]
[EventDate "2014.10.19"]
[EventType "team-tourn"]
[EventRounds "9"]
[EventCountry "GER"]
[SourceTitle "EXT 2018"]
[Source "ChessBase"]
[SourceDate "2017.10.13"]
[SourceVersion "1"]
[SourceVersionDate "2017.10.13"]
[SourceQuality "1"]
[WhiteTeam "Ebersberg Grafing"]
[BlackTeam "Ilmmuenster"]
[WhiteTeamCountry "GER"]
[BlackTeamCountry "GER"]

1. e4 c5 2. c3 d5 3. exd5 Qxd5 4. d4 Nc6 5. Nf3 Bg4 6. Be2 e6 7. 0-0 Nf6 8. Be3 cxd4 9. Nxd4 Bxe2 10. Qxe2 Nxd4 11. Bxd4 Be7 12. a4 0-0 13. Nd2 Rfd8 14. Nf3 Qh5 15. Qb5 Nd5 16. Rfe1 Bd6 17. Be5 Bxe5 18. Rxe5 Qg6 19. Rg5 Qc2 20. Nd4 Qd2 21. Nf3 Qc2 22. Nd4 Qd2 23. Nf3 Qc2 24. Nd4 1/2-1/2

[Event "Feffernitz Raika op 21st"]
[Site "Feffernitz"]
[Date "2012.08.20"]
[Round "3"]
[White "Andre, Jonas"]
[Black "Frey, Armin"]
[Result "0-1"]
[WhiteElo "1749"]
[BlackElo "1977"]
[PlyCount "87"]
[EventDate "2012.08.19"]
[EventType "swiss"]
[EventRounds "9"]
[EventCountry "AUT"]
[SourceTitle "CBM 150 Extra"]
[Source "ChessBase"]
[SourceDate "2012.10.19"]
[SourceVersion "1"]
[SourceVersionDate "2012.10.19"]
[SourceQuality "1"]

1. e4 e6 2. d4 c5 3. c3 d5 4. e5 Bd7 5. Nf3 Qb6 6. Bd3 cxd4 7. cxd4 Nc6 8. 0-0 Nxd4 9. Nxd4 Qxd4 10. Nc3 Qb6 11. Qe2 a6 12. Kh1 Ne7 13. f4 Rc8 14. Bd2 g6 15. b4 Nc6 16. a3 Qd8 17. Qf2 b5 18. g4 Be7 19. Rae1 Bh4 20. Qe3 d4 21. Qh3 Bxe1 22. Bxe1 dxc3 23. Bxc3 Ne7 24. Bd2 Bc6+ 25. Kg1 Qd4+ 26. Rf2 0-0 27. f5 exf5 28. gxf5 h5 29. f6 Bd7 30. Qg3 Nf5 31. Bxf5 Bxf5 32. h3 Rc2 33. Be3 Rc3 34. Rf3 Rxe3 35. Rxe3 Rc8 36. Qg5 Rc3 37. Kf2 Rxa3 38. h4 Qxe3+ 39. Qxe3 Rxe3 40. Kxe3 Kf8 41. Kd4 Ke8 42. Kc5 Kd7 43. Kb6 Ke6 44. Kxa6 0-1

[Event "Feffernitz Raika op 19th"]
[Site "Feffernitz"]
[Date "2010.08.25"]
[Round "5"]
[White "Lagrotteria, Salvatore"]
[Black "Andre, Jonas"]
[Result "1/2-1/2"]
[WhiteElo "2201"]
[BlackElo "1589"]
[PlyCount "119"]
[EventDate "2010.08.22"]
[EventType "swiss"]
[EventRounds "9"]
[EventCountry "AUT"]
[SourceTitle "CBM 138 Extra"]
[Source "ChessBase"]
[SourceDate "2010.10.29"]
[SourceVersion "1"]
[SourceVersionDate "2010.10.29"]
[SourceQuality "1"]

1. d4 d5 2. c4 Nc6 3. Nf3 Bg4 4. e3 e5 5. cxd5 Qxd5 6. Nc3 Bb4 7. Be2 Bxc3+ 8. bxc3 e4 9. Nd2 Bxe2 10. Qxe2 f5 11. c4 Qd6 12. Rb1 0-0-0 13. 0-0 h5 14. Rb5 Rf8 15. f3 exf3 16. Rxf3 Nh6 17. Rh3 Ng4 18. Qd3 f4 19. Ba3 Qf6 20. Ne4 Qf7 21. Bxf8 Rxf8 22. Ng5 Qe7 23. Rf5 fxe3 24. Rxf8+ Qxf8 25. Rf3 Qd6 26. Qf5+ Kb8 27. Qf8+ Nd8 28. Qxd6 cxd6 29. Rf8 Kc7 30. Re8 Kd7 31. Re4 b5 32. cxb5 d5 33. Rf4 e2 34. Nf3 Ne6 35. Rf5 Kd6 36. Rxh5 Nxd4 37. Ne1 Nf6 38. Rg5 Ne6 39. Rg3 Ne4 40. Re3 Nd4 41. Nf3 Nxf3+ 42. gxf3 Nc3 43. Kf2 Nd1+ 44. Kxe2 Nxe3 45. Kxe3 Kc5 46. h4 Kc4 47. Kd2 Kxb5 48. h5 Kc5 49. Kd3 d4 50. a4 a5 51. Ke2 Kd6 52. f4 Ke6 53. Kd3 Kd5 54. f5 Ke5 55. Kc4 d3 56. Kxd3 Kxf5 57. Kc4 Kg5 58. Kb5 Kxh5 59. Kxa5 g5 60. Kb5 1/2-1/2

[Event "GER-ch Net qual2 U18"]
[Site "Playchess.com INT"]
[Date "2009.05.13"]
[Round "4"]
[White "Andre, Jonas"]
[Black "Von Renesse, Konstantin"]
[Result "0-1"]
[WhiteElo "1282"]
[BlackElo "1431"]
[PlyCount "76"]
[EventDate "2009.05.13"]
[EventType "swiss (blitz)"]
[EventRounds "7"]
[EventCountry "GER"]
[SourceTitle "CBM 130 Extra"]
[Source "ChessBase"]
[SourceDate "2009.07.02"]
[SourceVersion "2"]
[SourceVersionDate "2009.07.15"]
[SourceQuality "1"]

1. e4 c5 2. c3 Nc6 3. d4 cxd4 4. cxd4 d5 5. e5 Bf5 6. h3 Qb6 7. Nf3 0-0-0 8. Nc3 Nb4 9. Bf4 Nc2+ 10. Ke2 Nxa1 11. Qxa1 e6 12. Qc1 Kb8 13. Nh4 Ne7 14. g4 Bg6 15. Na4 Qc7 16. Qd2 Qc4+ 17. Kf3 Qxa4 18. b3 Qc6 19. Bg2 Be4+ 20. Kg3 Bxg2 21. Nxg2 g6 22. Rc1 Qd7 23. Ne3 Bg7 24. Qa5 Rc8 25. Rd1 Rc6 26. h4 Rhc8 27. g5 Nf5+ 28. Nxf5 gxf5 29. h5 Rc3+ 30. Kh4 Qc7 31. Qb5 Qc6 32. Qf1 Rc2 33. h6 Bf8 34. a4 Qb6 35. Rd3 R8c3 36. Rxc3 Rxc3 37. Qd1 Qxb3 38. f3 Qxd1 0-1

[Event "GER-ch Net qual2 U18"]
[Site "Playchess.com INT"]
[Date "2009.05.13"]
[Round "3"]
[White "Hirschmann, Jakob"]
[Black "Andre, Jonas"]
[Result "1-0"]
[WhiteElo "1766"]
[BlackElo "1282"]
[PlyCount "71"]
[EventDate "2009.05.13"]
[EventType "swiss (blitz)"]
[EventRounds "7"]
[EventCountry "GER"]
[SourceTitle "CBM 130 Extra"]
[Source "ChessBase"]
[SourceDate "2009.07.02"]
[SourceVersion "2"]
[SourceVersionDate "2009.07.15"]
[SourceQuality "1"]

1. e4 d5 2. exd5 Qxd5 3. Nc3 Qa5 4. d4 Nf6 5. Bd2 c6 6. Nf3 Bf5 7. Bc4 Qc7 8. Qe2 e6 9. 0-0 Nbd7 10. Rfe1 0-0-0 11. g3 h5 12. Bf4 Bd6 13. Bxd6 Qxd6 14. Ne5 Nxe5 15. dxe5 Bg4 16. exd6 Bxe2 17. Rxe2 Rxd6 18. Rd1 Rhd8 19. Rxd6 Rxd6 20. Ne4 Nxe4 21. Rxe4 Rd1+ 22. Kg2 Rd2 23. Re2 Rd4 24. Bd3 Rb4 25. b3 Rb5 26. Bxb5 cxb5 27. Re3 Kc7 28. Rf3 f6 29. Re3 e5 30. Rd3 Kc6 31. Kf3 f5 32. Ke3 e4 33. Rd8 g5 34. Rh8 Kd5 35. Rxh5 f4+ 36. gxf4 1-0

[Event "GER-ch Net qual2 U18"]
[Site "Playchess.com INT"]
[Date "2009.05.13"]
[Round "1"]
[White "Mazarov, Juergen"]
[Black "Andre, Jonas"]
[Result "1-0"]
[WhiteElo "2177"]
[BlackElo "1282"]
[PlyCount "59"]
[EventDate "2009.05.13"]
[EventType "swiss (blitz)"]
[EventRounds "7"]
[EventCountry "GER"]
[SourceTitle "CBM 130 Extra"]
[Source "ChessBase"]
[SourceDate "2009.07.02"]
[SourceVersion "2"]
[SourceVersionDate "2009.07.15"]
[SourceQuality "1"]

1. e4 c6 2. d4 d5 3. Nc3 e6 4. f4 Bb4 5. Bd3 Nf6 6. e5 Nfd7 7. Nf3 Nb6 8. 0-0 N8d7 9. f5 Nf8 10. Bg5 f6 11. exf6 gxf6 12. Bh4 exf5 13. Ne2 Ng6 14. Bg3 Rg8 15. Nf4 Nxf4 16. Bxf4 Qd7 17. Qe2+ Kd8 18. Nh4 c5 19. c3 Ba5 20. dxc5 Na4 21. Bb5 Qg7 22. Bxa4 b6 23. Bc6 Rb8 24. Bxb8 bxc5 25. Bxd5 Re8 26. Qb5 Bb6 27. Rae1 Rh8 28. Bd6 c4+ 29. Kh1 a6 30. Qxb6+ 1-0

[Event "GER-ch Net qual2 U18"]
[Site "Playchess.com INT"]
[Date "2009.05.13"]
[Round "6"]
[White "Werm, Pascal"]
[Black "Andre, Jonas"]
[Result "1-0"]
[WhiteElo "1939"]
[BlackElo "1282"]
[PlyCount "43"]
[EventDate "2009.05.13"]
[EventType "swiss (blitz)"]
[EventRounds "7"]
[EventCountry "GER"]
[SourceTitle "CBM 130 Extra"]
[Source "ChessBase"]
[SourceDate "2009.07.02"]
[SourceVersion "2"]
[SourceVersionDate "2009.07.15"]
[SourceQuality "1"]

1. d4 d5 2. Nf3 f5 3. Bf4 e6 4. e3 Nf6 5. Ne5 Bd6 6. Nd2 0-0 7. Be2 Nbd7 8. h4 Ne4 9. f3 Nxd2 10. Qxd2 Nf6 11. 0-0-0 Bd7 12. g4 a5 13. Bg5 h6 14. Bxf6 Rxf6 15. g5 Rg6 16. Nxg6 b5 17. gxh6 Qe8 18. Rdg1 Bb4 19. c3 Bd6 20. Ne5 b4 21. Rxg7+ Kh8 22. Ng6+ 1-0

[Event "GER-ch Net qual1 U18"]
[Site "Playchess.com INT"]
[Date "2009.05.10"]
[Round "5"]
[White "Andre, Jonas"]
[Black "Hapke, Nils"]
[Result "1/2-1/2"]
[WhiteElo "1282"]
[BlackElo "1411"]
[PlyCount "147"]
[EventDate "2009.05.10"]
[EventType "swiss (blitz)"]
[EventRounds "7"]
[EventCountry "GER"]
[SourceTitle "CBM 130 Extra"]
[Source "ChessBase"]
[SourceDate "2009.07.02"]
[SourceVersion "2"]
[SourceVersionDate "2009.07.15"]
[SourceQuality "1"]

1. e4 e6 2. d4 d5 3. e5 c5 4. c3 Nc6 5. Nf3 Qb6 6. a3 Nh6 7. Bd3 cxd4 8. cxd4 Nf5 9. Bxf5 exf5 10. b4 Be6 11. Nc3 Be7 12. 0-0 0-0 13. Na4 Qc7 14. Nc5 b6 15. Nd3 f6 16. Nf4 Qd7 17. Nxe6 Qxe6 18. Re1 fxe5 19. Nxe5 Nxe5 20. Rxe5 Qd7 21. Qe1 Bf6 22. Re2 Bxd4 23. Rb1 Rfe8 24. Bf4 Rxe2 25. Qxe2 Re8 26. Qf3 Qe6 27. h3 h6 28. Rd1 Qe4 29. Qxe4 Rxe4 30. Bb8 b5 31. Kf1 Rf4 32. Rd2 Re4 33. f3 Rh4 34. Bg3 Bc3 35. Rxd5 Rd4 36. Rxb5 Rd1+ 37. Kf2 Ra1 38. Rb8+ Kh7 39. Rc8 Be1+ 40. Ke2 Bxg3 41. Rf8 Ra2+ 42. Kd1 f4 43. Rf7 Rxa3 44. Kc2 Ra2+ 45. Kb3 Rxg2 46. Rxa7 Rf2 47. Kc4 Rxf3 48. b5 Rf1 49. Ra3 Rb1 50. Kc5 Bf2+ 51. Kc6 f3 52. Rxf3 Rc1+ 53. Kb7 Bh4 54. Ka7 Rb1 55. b6 Ra1+ 56. Kb7 Bd8 57. Rf8 Bf6 58. Kc7 Rb1 59. b7 Bd4 60. b8Q Be5+ 61. Kc6 Bxb8 62. Rxb8 Rc1+ 63. Kb7 Rb1+ 64. Kc7 Rc1+ 65. Kd6 Rd1+ 66. Ke5 Re1+ 67. Kf4 Rh1 68. Kg3 Rd1 69. Rb6 Rd3+ 70. Kg4 Rd4+ 71. Kg3 Rd3+ 72. Kg4 Rd4+ 73. Kf5 Rd3 74. Kg4 1/2-1/2